Catálogo público

Estrategias de Transferencia de tecnología / (Record no. 168446)

MARC details
000 -CABECERA
campo de control de longitud fija 00983nam a2200313Ia 4500
001 - NÚMERO DE CONTROL
campo de control Z_5376
003 - IDENTIFICADOR DEL NÚMERO DE CONTROL
campo de control CHAP
008 - DATOS DE LONGITUD FIJA--INFORMACIÓN GENERAL
campo de control de longitud fija 220113s2000 xx 000 0 und d
010 ## - NÚMERO DE CONTROL DE LA BIBLIOTECA DEL CONGRESO
Número de control de LC 168446
020 ## - NÚMERO INTERNACIONAL ESTÁNDAR DEL LIBRO
Número Internacional Estándar del Libro 968-884-683-X
040 ## - FUENTE DE LA CATALOGACIÓN
Centro/agencia transcriptor CHAP
082 ## - NÚMERO DE LA CLASIFICACIÓN DECIMAL DEWEY
Número de clasificación 338.926 U234
110 ## - ENTRADA PRINCIPAL--NOMBRE DE ENTIDAD CORPORATIVA
Nombre de entidad corporativa o nombre de jurisdicción como elemento de entrada Universidad Autónoma Chapingo. Departamento de Sociología Rural
9 (RLIN) 142778
245 ## - MENCIÓN DE TÍTULO
Título Estrategias de Transferencia de tecnología /
Mención de responsabilidad, etc. Coordinadores Bernardino Mata García y Ibis Sepúlveda González
260 ## - PUBLICACIÓN, DISTRIBUCIÓN, ETC.
Lugar de publicación, distribución, etc. México :
Nombre del editor, distribuidor, etc. Universidad Autónoma Chapingo :,
-- Departamento de Sociología Rural :,
-- IICA,
Fecha de publicación, distribución, etc. 2000
300 ## - DESCRIPCIÓN FÍSICA
Extensión 219 p.
503 ## - NOTA DE HISTORIA BIBLIOGRÁFICA (BK CF MU) [OBSOLETO]
Nota de historia bibliográfica ej.1 - ej.5:
504 ## - NOTA DE BIBLIOGRAFÍA, ETC.
Nota de bibliografía, etc. Incluye bibliografía
650 ## - PUNTO DE ACCESO ADICIONAL DE MATERIA--TÉRMINO DE MATERIA
Término de materia o nombre geográfico como elemento de entrada Adopción de innovaciones
9 (RLIN) 142779
650 ## - PUNTO DE ACCESO ADICIONAL DE MATERIA--TÉRMINO DE MATERIA
Término de materia o nombre geográfico como elemento de entrada Mejoramiento agrícola
9 (RLIN) 142780
650 ## - PUNTO DE ACCESO ADICIONAL DE MATERIA--TÉRMINO DE MATERIA
Término de materia o nombre geográfico como elemento de entrada Sostenibilidad
9 (RLIN) 142781
650 ## - PUNTO DE ACCESO ADICIONAL DE MATERIA--TÉRMINO DE MATERIA
Término de materia o nombre geográfico como elemento de entrada Transferencia de tecnología
9 (RLIN) 114619
901 ## - ELEMENTOS DE DATOS A LOCAL LDA (RLIN)
a 338.926 U234
902 ## - ELEMENTOS DE DATOS B LOCAL, LDB (RLIN)
a M
910 ## - DATOS DE OPCIÓN DEL USUARIO (OCLC)
Datos de opción del usuario 2000
942 ## - ELEMENTOS DE PUNTO DE ACCESO ADICIONAL (KOHA)
Tipo de ítem Koha Libro_
942 ## - ELEMENTOS DE PUNTO DE ACCESO ADICIONAL (KOHA)
Tipo de ítem Koha
Holdings
Estado de retiro Estado de pérdida Estado dañado No para préstamo Localización permanente Ubicación/localización actual Ubicación en estantería Fecha de adquisición Información codificada de la localización en otra ubicación Código de barras Fecha visto por última vez Número de copia Precio válido a partir de Tipo de ítem Koha Nota pública
        Zootecnia Zootecnia   11/11/2011 1 z_2088 18/01/2022 1 18/01/2022 Libro 2
        Zootecnia Zootecnia   11/11/2011 1 z_2089 18/01/2022 2 18/01/2022 Libro 3
        Zootecnia Zootecnia   11/11/2011 1 z_2090 18/01/2022 3 18/01/2022 Libro 3
        Zootecnia Zootecnia   11/11/2011 1 z_2091 18/01/2022 4 18/01/2022 Libro 3
        Zootecnia Zootecnia   11/11/2011 1 z_2092 18/01/2022 5 18/01/2022 Libro 3